Misión del religioso en América Latina

Saved in:
Bibliographic Details
Corporate Author: Confederación Latinoamericana de Religiosos (Author)
Format: Book
Language:Spanish
Published: Bogotá CLAR 1971
Edition:4a. ed
Series:Colección CLAR, 5
Subjects:
Tags: Add Tag
No Tags, Be the first to tag this record!

MARC

LEADER 00000nam a2200000 a 4500
001 UCL3438
003 CL-VaPUC
008 031128e19710000CK |||||||||||||||||spa|d
082 0 4 |a 248.894  |b CON  |2 21 
110 2 |a Confederación Latinoamericana de Religiosos  |e author  |9 480716 
245 1 0 |a Misión del religioso en América Latina 
250 |a 4a. ed 
300 |a 45 p 
942 |c BK 
945 |d 20031128 00:00:00  |a vberengu 
260 |a Bogotá  |b CLAR  |c 1971 
650 0 |a Vocación sacerdotal  |9 392453 
650 0 |a Vocación religiosa  |9 392452 
650 0 |a Vida religiosa  |9 257284 
651 0 |a América Latina   |9 255027 
583 |a last modification  |c 20031128 00:00:00  |k Rodrigo Vera 
490 0 |a Colección CLAR, 5 
999 |c 306476  |d 306474 
952 |0 0  |1 0  |4 0  |6 248_894000000000000_CON_1971  |7 0  |8 A  |9 371502  |a BIBTEO  |b BIBTEO  |d 2019-11-21  |i 2095858  |o 248.894 CON 1971  |p 2095858  |r 2025-01-17  |w 2019-11-21  |y BK  |k ICR